[Event "GBR-ch 107th"]
[Site "Hull"]
[Date "2021.10.05"]
[Round "4.9"]
[White "Latypova, Olga L"]
[Black "Head, Louise"]
[Result "1/2-1/2"]
[WhiteElo "1266"]
[BlackElo "2090"]
[PlyCount "41"]
[EventDate "2021.10.02"]
[EventType "swiss"]
[EventRounds "9"]
[EventCountry "GBR"]
[SourceTitle "BritBase"]
[Source "John Saunders"]
[SourceDate "2021.06.05"]
[SourceVersion "1"]
[SourceVersionDate "2021.06.05"]
[SourceQuality "1"]

1. e4 c6 2. d4 d5 3. Nc3 dxe4 4. Nxe4 Nd7 5. Nf3 Ngf6 6. Ng3 e6 7. Bd3 c5 8.
O-O a6 9. c3 Bd6 10. Re1 O-O 11. Bc2 Qc7 12. Qe2 Rb8 13. Ne4 Nxe4 14. Qxe4 Nf6
15. Qh4 Rd8 16. Bg5 Be7 17. Bxh7+ Kf8 18. Bc2 Ng8 19. Bxe7+ Qxe7 20. Qh8 Qf6
21. dxc5 1/2-1/2

[Event "GBR-ch 107th"]
[Site "Hull"]
[Date "2021.10.06"]
[Round "5.1"]
[White "Ledger, Andrew J"]
[Black "Hebden, Mark L"]
[Result "1-0"]
[WhiteElo "2329"]
[BlackElo "2455"]
[PlyCount "97"]
[EventDate "2021.10.02"]
[EventType "swiss"]
[EventRounds "9"]
[EventCountry "GBR"]
[SourceTitle "BritBase"]
[Source "John Saunders"]
[SourceDate "2021.06.05"]
[SourceVersion "1"]
[SourceVersionDate "2021.06.05"]
[SourceQuality "1"]

1. d4 Nf6 2. c4 g6 3. Nc3 Bg7 4. e4 d6 5. f3 O-O 6. Bg5 c5 7. d5 e6 8. Qd2 Qa5
9. Nge2 exd5 10. cxd5 b5 11. Ng3 b4 12. Nd1 Ba6 13. Bxa6 Qxa6 14. Qe2 Qxe2+ 15.
Kxe2 Nbd7 16. Ne3 Nb6 17. Rac1 Rfe8 18. Rhd1 Nfd7 19. Rc2 a5 20. Ngf1 Ra6 21.
Nd2 a4 22. Bf4 Ne5 23. Bg3 h5 24. h3 Ra7 25. f4 Ned7 26. Kf3 Nf6 27. e5 dxe5
28. fxe5 Nfd7 29. Ndc4 Bxe5 30. Nxe5 Nxe5+ 31. Bxe5 Rxe5 32. Rxc5 Rae7 33. Rd3
Nd7 34. Rb5 Re4 35. d6 R7e6 36. Nd5 Rc4 37. Nb6 Nxb6 38. Rxb6 Re8 39. b3 axb3
40. axb3 Rc3 41. Rxc3 bxc3 42. Rc6 Kg7 43. Rxc3 Kf6 44. Rd3 Rd8 45. d7 Ke7 46.
Ke4 Ke6 47. b4 h4 48. Kf4 f6 49. Kg4 1-0

[Event "GBR-ch 107th"]
[Site "Hull"]
[Date "2021.10.06"]
[Round "5.2"]
[White "Gormally, Daniel W"]
[Black "Pert, Nicholas"]
[Result "1/2-1/2"]
[WhiteElo "2480"]
[BlackElo "2548"]
[PlyCount "50"]
[EventDate "2021.10.02"]
[EventType "swiss"]
[EventRounds "9"]
[EventCountry "GBR"]
[SourceTitle "BritBase"]
[Source "John Saunders"]
[SourceDate "2021.06.05"]
[SourceVersion "1"]
[SourceVersionDate "2021.06.05"]
[SourceQuality "1"]

1. d4 d5 2. c4 e6 3. Nf3 Nf6 4. Nc3 a6 5. cxd5 exd5 6. Bg5 Be6 7. e3 Nbd7 8.
Bd3 c6 9. O-O Bd6 10. e4 dxe4 11. Nxe4 Be7 12. Ng3 O-O 13. Nf5 Bxf5 14. Bxf5
Nd5 15. Bd2 Bd6 16. g3 Qc7 17. Qb3 Rfe8 18. Rfe1 N7f6 19. a3 Rxe1+ 20. Rxe1 Re8
21. Rxe8+ Nxe8 22. Kg2 Nef6 23. Qd1 Qe7 24. Qc2 g6 25. Bd3 Kg7 1/2-1/2

[Event "GBR-ch 107th"]
[Site "Hull"]
[Date "2021.10.06"]
[Round "5.3"]
[White "McPhillips, Joseph"]
[Black "Harvey, Marcus R"]
[Result "1/2-1/2"]
[WhiteElo "2425"]
[BlackElo "2465"]
[PlyCount "119"]
[EventDate "2021.10.02"]
[EventType "swiss"]
[EventRounds "9"]
[EventCountry "GBR"]
[SourceTitle "BritBase"]
[Source "John Saunders"]
[SourceDate "2021.06.05"]
[SourceVersion "1"]
[SourceVersionDate "2021.06.05"]
[SourceQuality "1"]

1. c4 e5 2. Nc3 Nf6 3. Nf3 Nc6 4. e4 Bb4 5. d3 h6 6. a3 Bxc3+ 7. bxc3 d6 8. h3
Ne7 9. g3 Be6 10. Bg2 Qc8 11. Nd2 Ng6 12. Nf1 Ng8 13. h4 f5 14. exf5 Bxf5 15.
Ne3 Be6 16. h5 N6e7 17. d4 Nf6 18. dxe5 dxe5 19. Nd5 Nexd5 20. cxd5 Bg4 21.
Qa4+ Qd7 22. Qb4 c6 23. c4 cxd5 24. cxd5 a5 25. Qc5 Kf7 26. O-O Rhc8 27. Qe3
Bh3 28. Rd1 Bxg2 29. Kxg2 Rc2 30. Qd3 Rac8 31. Bd2 e4 32. Qb3 Qxd5 33. Qxd5+
Nxd5 34. Bxh6 R8c5 35. Bg5 e3 36. Rf1 e2 37. Rfe1 Nc3 38. Rac1 Rxc1 39. Bxc1 b5
40. h6 gxh6 41. Bxh6 Rd5 42. f3 a4 43. Bc1 Na2 44. Kf2 Nxc1 45. Rxc1 Re5 46. f4
Re4 47. Ke1 Re3 48. Ra1 Kg6 49. g4 Kf6 50. Kd2 Re4 51. Re1 b4 52. Kd3 Rxf4 53.
axb4 Rf2 54. Kc4 a3 55. Kb3 Rf3+ 56. Ka2 Re3 57. b5 Ke5 58. b6 Kd6 59. g5 Kc6
60. g6 1/2-1/2

[Event "GBR-ch 107th"]
[Site "Hull"]
[Date "2021.10.06"]
[Round "5.4"]
[White "Bradbury, Neil H"]
[Black "Olson, Hamish"]
[Result "0-1"]
[WhiteElo "2265"]
[BlackElo "2273"]
[PlyCount "74"]
[EventDate "2021.10.02"]
[EventType "swiss"]
[EventRounds "9"]
[EventCountry "GBR"]
[SourceTitle "BritBase"]
[Source "John Saunders"]
[SourceDate "2021.06.05"]
[SourceVersion "1"]
[SourceVersionDate "2021.06.05"]
[SourceQuality "1"]

1. d4 d5 2. c4 e6 3. Nf3 Nf6 4. g3 Bb4+ 5. Bd2 Be7 6. Bg2 O-O 7. O-O Nbd7 8.
Qc2 c6 9. Nc3 dxc4 10. a4 a5 11. e4 Nb6 12. Rfd1 Bd7 13. Bf4 Qc8 14. Ne5 Rd8
15. Qe2 Be8 16. Be3 Nfd7 17. Nxc4 Nxc4 18. Qxc4 e5 19. Qe2 exd4 20. Bxd4 Nc5
21. Qc4 Qe6 22. Qxe6 Nxe6 23. Bb6 Rxd1+ 24. Rxd1 Bc5 25. Bxc5 Nxc5 26. Bf1 f6
27. f4 Bf7 28. Kf2 Kf8 29. Ke3 Ke7 30. Rd4 Bb3 31. e5 Rf8 32. exf6+ Rxf6 33.
Ne4 Nxe4 34. Kxe4 Rd6 35. Bd3 Rh6 36. Be2 Rxh2 37. Bg4 Bd5+ 0-1

[Event "GBR-ch 107th"]
[Site "Hull"]
[Date "2021.10.06"]
[Round "5.5"]
[White "Webb, Laurence E"]
[Black "Eggleston, David J"]
[Result "0-1"]
[WhiteElo "2184"]
[BlackElo "2356"]
[PlyCount "56"]
[EventDate "2021.10.02"]
[EventType "swiss"]
[EventRounds "9"]
[EventCountry "GBR"]
[SourceTitle "BritBase"]
[Source "John Saunders"]
[SourceDate "2021.06.05"]
[SourceVersion "1"]
[SourceVersionDate "2021.06.05"]
[SourceQuality "1"]

1. d4 e6 2. c4 Nf6 3. Nf3 Bb4+ 4. Bd2 Bxd2+ 5. Qxd2 b6 6. Nc3 Bb7 7. g3 O-O 8.
Bg2 d5 9. cxd5 exd5 10. O-O Nbd7 11. Rfd1 Qe7 12. Qf4 c6 13. Rac1 Rfe8 14. Nh4
g6 15. Bh3 Nf8 16. Nf3 Rad8 17. Qe5 Ne6 18. Bxe6 fxe6 19. Qg5 c5 20. e3 Nd7 21.
Nb5 e5 22. Nc7 Qxg5 23. Nxg5 Re7 24. Nxd5 Bxd5 25. dxc5 Nxc5 26. e4 h6 27. b4
Nb7 28. exd5 hxg5 0-1

[Event "GBR-ch 107th"]
[Site "Hull"]
[Date "2021.10.06"]
[Round "5.6"]
[White "Arkell, Keith C"]
[Black "Starley, Robert"]
[Result "1-0"]
[WhiteElo "2380"]
[BlackElo "2057"]
[PlyCount "113"]
[EventDate "2021.10.02"]
[EventType "swiss"]
[EventRounds "9"]
[EventCountry "GBR"]
[SourceTitle "BritBase"]
[Source "John Saunders"]
[SourceDate "2021.06.05"]
[SourceVersion "1"]
[SourceVersionDate "2021.06.05"]
[SourceQuality "1"]

1. c4 e5 2. Nc3 Nf6 3. g3 d5 4. cxd5 Nxd5 5. Bg2 Nb6 6. Nf3 Nc6 7. d3 Be7 8.
O-O Be6 9. a3 O-O 10. b4 f6 11. Be3 Nd5 12. Nxd5 Bxd5 13. Qc2 a6 14. Rfc1 Kh8
15. Nd2 Rc8 16. Bxd5 Qxd5 17. Qc4 Qd7 18. Nb3 f5 19. f3 f4 20. Bf2 Qh3 21. Kh1
Rf6 22. Rg1 Bd6 23. g4 Rh6 24. Rg2 Be7 25. Nd2 Bh4 26. Ne4 Bxf2 27. Ng5 Nd8 28.
Nxh3 Bd4 29. Rc1 Rc6 30. Qxc6 Nxc6 31. Rc2 Ne7 32. Ng5 Nd5 33. Nf7+ Kg8 34. Nd6
Rb8 35. Nf5 Bb6 36. Rc1 Rd8 37. h4 c6 38. Rh2 Kf7 39. h5 Kf6 40. Kg2 Rd7 41.
Rhh1 g6 42. Nh4 gxh5 43. Nf5 hxg4 44. fxg4 Kg6 45. Rh6+ Kg5 46. Rh5+ Kg6 47.
Nh4+ Kf6 48. Kf3 Ne3 49. Nf5 Ke6 50. Rch1 Bd4 51. Rh6+ Kd5 52. Rxh7 Rxh7 53.
Nxe3+ Bxe3 54. Rxh7 Bc1 55. Rxb7 Bxa3 56. g5 c5 57. g6 1-0

[Event "GBR-ch 107th"]
[Site "Hull"]
[Date "2021.10.06"]
[Round "5.7"]
[White "Gordon, Frederick"]
[Black "Sucikova, Svetlana"]
[Result "0-1"]
[WhiteElo "1523"]
[BlackElo "2175"]
[PlyCount "71"]
[EventDate "2021.10.02"]
[EventType "swiss"]
[EventRounds "9"]
[EventCountry "GBR"]
[SourceTitle "BritBase"]
[Source "John Saunders"]
[SourceDate "2021.06.05"]
[SourceVersion "1"]
[SourceVersionDate "2021.06.05"]
[SourceQuality "1"]

1. e4 c6 2. Nf3 d5 3. Nc3 Bg4 4. h3 Bxf3 5. Qxf3 e6 6. Be2 Nf6 7. O-O Nbd7 8.
d4 dxe4 9. Nxe4 Nxe4 10. Qxe4 Nf6 11. Qf4 Be7 12. c3 O-O 13. Qg3 Re8 14. Bh6
Bf8 15. Rad1 Qb6 16. b3 Qa5 17. Bd3 Qxa2 18. Ra1 Qxb3 19. Rfb1 Qd5 20. Rxb7 a5
21. Ra4 Qh5 22. Bg5 Qd1+ 23. Kh2 Nh5 24. Qg4 Bd6+ 25. g3 Qxd3 26. Qxh5 Qf5 27.
Kg2 h6 28. g4 Qxg5 29. Qxf7+ Kh7 30. Rb6 Qd5+ 31. Qf3 Rec8 32. Qxd5 exd5 33. c4
dxc4 34. Rxc4 a4 35. Rbxc6 Rxc6 36. Rxc6 0-1

[Event "GBR-ch 107th"]
[Site "Hull"]
[Date "2021.10.06"]
[Round "5.8"]
[White "Head, Louise"]
[Black "Khoury, Theo"]
[Result "1-0"]
[WhiteElo "2090"]
[BlackElo "1814"]
[PlyCount "95"]
[EventDate "2021.10.02"]
[EventType "swiss"]
[EventRounds "9"]
[EventCountry "GBR"]
[SourceTitle "BritBase"]
[Source "John Saunders"]
[SourceDate "2021.06.05"]
[SourceVersion "1"]
[SourceVersionDate "2021.06.05"]
[SourceQuality "1"]

1. d4 Nf6 2. Nf3 e6 3. Bg5 h6 4. Bh4 d5 5. c4 Be7 6. Nc3 O-O 7. e3 a6 8. Qc2
Nbd7 9. cxd5 exd5 10. Be2 b6 11. O-O Bb7 12. Rfd1 c5 13. dxc5 bxc5 14. Rac1 Qc7
15. Bg3 Bd6 16. Bxd6 Qxd6 17. Rd2 Rac8 18. Rcd1 Rfd8 19. h3 Qe6 20. Qb3 Rb8 21.
Qa3 Rdc8 22. Na4 Ne4 23. Rc2 f5 24. Nd2 Nxd2 25. Rcxd2 d4 26. exd4 cxd4 27. Bf1
Qg6 28. Rxd4 Ne5 29. Kh2 Qh5 30. Qg3 Re8 31. Nc5 Bc6 32. b3 a5 33. Rd6 Kh8 34.
Rc1 Ba8 35. Ne6 Ng4+ 36. Kg1 Qf7 37. hxg4 Rxe6 38. Rxe6 f4 39. Re7 Qf6 40. Qh2
Qxe7 41. Qxf4 Rf8 42. Qd4 Qa3 43. Rc7 Rg8 44. Bd3 Qb4 45. Bc4 a4 46. Qe5 Qf8
47. Bxg8 Kxg8 48. Qc3 1-0

[Event "GBR-ch 107th"]
[Site "Hull"]
[Date "2021.10.06"]
[Round "5.9"]
[White "Finn, Peter"]
[Black "Latypova, Olga L"]
[Result "1-0"]
[WhiteElo "1959"]
[BlackElo "1266"]
[PlyCount "119"]
[EventDate "2021.10.02"]
[EventType "swiss"]
[EventRounds "9"]
[EventCountry "GBR"]
[SourceTitle "BritBase"]
[Source "John Saunders"]
[SourceDate "2021.06.05"]
[SourceVersion "1"]
[SourceVersionDate "2021.06.05"]
[SourceQuality "1"]

1. d4 Nf6 2. Bg5 d5 3. e3 Nbd7 4. Nf3 g6 5. Bd3 Bg7 6. Nbd2 O-O 7. O-O c5 8. c3
Re8 9. Qe2 b6 10. Rfd1 e5 11. dxe5 Nxe5 12. Nxe5 Rxe5 13. Bf4 Re8 14. h3 a6 15.
Nf3 Bb7 16. Rd2 Qe7 17. Bg5 Qe6 18. Bxf6 Bxf6 19. Bc2 Rad8 20. Rad1 Rd6 21. Bb3
Red8 22. e4 c4 23. e5 Bxe5 24. Qxe5 cxb3 25. axb3 b5 26. b4 Re8 27. Re1 Qxe5
28. Rxe5 Rde6 29. Rde2 Kg7 30. Rxe6 fxe6 31. Ne5 Bc8 32. Kf1 Rd8 33. Nf3 Kf6
34. Ke1 Bb7 35. g3 Re8 36. Ne5 h5 37. Nd7+ Kf7 38. Nc5 Bc8 39. Nd3 Kf6 40. f4
Rd8 41. Ne5 Bb7 42. Nf3 Bc8 43. Re5 Rd6 44. Kd2 Bb7 45. Kd3 Bc8 46. Rg5 Bd7 47.
Ne5 Be8 48. Kd4 Rd8 49. Nd3 Rc8 50. Nc5 Rc6 51. Re5 Rb6 52. g4 hxg4 53. hxg4
Rc6 54. g5+ Kf7 55. Re1 Rb6 56. Ra1 Ke7 57. Ke5 Bc6 58. Rxa6 Rxa6 59. Nxa6 Bb7
60. Nc7 1-0

[Event "GBR-ch 107th"]
[Site "Hull"]
[Date "2021.10.06"]
[Round "5.10"]
[White "Willison, Steven"]
[Black "Stubbs, Oliver"]
[Result "0-1"]
[WhiteElo "1936"]
[BlackElo "1925"]
[PlyCount "90"]
[EventDate "2021.10.02"]
[EventType "swiss"]
[EventRounds "9"]
[EventCountry "GBR"]
[SourceTitle "BritBase"]
[Source "John Saunders"]
[SourceDate "2021.06.05"]
[SourceVersion "1"]
[SourceVersionDate "2021.06.05"]
[SourceQuality "1"]

1. e4 e6 2. d4 d5 3. e5 c5 4. Nf3 Nc6 5. c3 Bd7 6. Be2 Nge7 7. Na3 cxd4 8. Nb5
Ng6 9. cxd4 a6 10. Nc3 f6 11. exf6 Qxf6 12. Bg5 Qf7 13. O-O Bd6 14. Bd3 h6 15.
Qb1 Nce7 16. Bxe7 Nxe7 17. Ne5 Bxe5 18. dxe5 O-O 19. f4 Rac8 20. Qe1 Nc6 21.
Rd1 Qe7 22. Kh1 b5 23. Qg3 Be8 24. f5 exf5 25. Nxd5 Qg5 26. Qxg5 hxg5 27. Bxf5
Rd8 28. e6 Rxd5 29. Rxd5 Rf6 30. Bd3 Rxe6 31. Rdf5 Bg6 32. Rf8+ Kh7 33. Bxg6+
Kxg6 34. h3 Nb4 35. a3 Nd3 36. b3 Nf4 37. Ra8 Ne2 38. Kh2 Nd4 39. b4 Nc2 40.
Rf2 Ne3 41. Rf3 g4 42. hxg4 Nxg4+ 43. Kh3 Ne3 44. Rg3+ Kh7 45. Ra7 Rh6# 0-1

[Event "GBR-ch 107th"]
[Site "Hull"]
[Date "2021.10.07"]
[Round "6.1"]
[White "Harvey, Marcus R"]
[Black "Ledger, Andrew J"]
[Result "1/2-1/2"]
[WhiteElo "2465"]
[BlackElo "2329"]
[PlyCount "226"]
[EventDate "2021.10.02"]
[EventType "swiss"]
[EventRounds "9"]
[EventCountry "GBR"]
[SourceTitle "BritBase"]
[Source "John Saunders"]
[SourceDate "2021.06.05"]
[SourceVersion "1"]
[SourceVersionDate "2021.06.05"]
[SourceQuality "1"]

1. Nf3 Nf6 2. b3 g6 3. Bb2 Bg7 4. c4 O-O 5. g3 d5 6. Bg2 Nc6 7. O-O d4 8. d3 e5
9. Nbd2 Re8 10. Ne1 Bf5 11. Ne4 a5 12. Nc2 Nxe4 13. dxe4 Be6 14. Qd3 Nb4 15.
Nxb4 axb4 16. f4 f6 17. e3 c5 18. exd4 cxd4 19. Rf2 Qd6 20. Bc1 Ra7 21. Rc2 Qc5
22. Rb1 Rea8 23. Rbb2 Bf8 24. Kh1 Bd6 25. f5 Bf7 26. fxg6 hxg6 27. Qf3 Be7 28.
h4 Be6 29. Bf1 Rf8 30. g4 Qc8 31. Rg2 b6 32. h5 g5 33. Rbc2 Rc7 34. Bd3 Kg7 35.
Kg1 Qd7 36. Bd2 Rfc8 37. Be1 Ra7 38. Rcf2 Rf8 39. Qd1 Rfa8 40. Qf3 Rf8 41. Kh2
Qd6 42. Qh3 Kh6 43. Rg3 Rfa8 44. Qg2 Kg7 45. Rgf3 Qd7 46. Rg3 Rf8 47. Qh3 Kh6
48. Rc2 Rfa8 49. Rgg2 Rf8 50. Kg3 Rfa8 51. Rgf2 Rf8 52. Bd2 Qc8 53. c5 bxc5 54.
Bxb4 Bxg4 55. Qxg4 Qxg4+ 56. Kxg4 cxb4 57. Rc6 Rfa8 58. Re6 Rc8 59. Bc4 Kg7 60.
Rh2 Kh6 61. Kf5 Rd8 62. Rh3 Rad7 63. Rd3 Ra7 64. Kg4 Kg7 65. Rd2 Rc7 66. Ra6
Rd6 67. Ra8 Rd8 68. Ra5 Kh6 69. Kf5 Rdd7 70. Ra8 Rd8 71. Ra6 Kg7 72. Rd3 Kh6
73. Rg3 Kg7 74. Re6 Rdd7 75. h6+ Kxh6 76. Rxe7 Rxe7 77. Kxf6 Kh5 78. Rxg5+ Kh4
79. Rg8 Ra7 80. Be6 Rec7 81. Rg2 d3 82. Rd2 Rc3 83. Kxe5 Kg3 84. Kd4 Kf4 85.
Bc4 Rd7+ 86. Bd5 Ra7 87. e5 Rc2 88. Rxd3 Raxa2 89. e6 Ra7 90. Rf3+ Kg5 91. Rf7
Rxf7 92. exf7 Rc8 93. Be6 Rb8 94. Ke5 Kg6 95. Kd6 Kg7 96. Ke7 Rf8 97. Bc4 Rb8
98. Kd7 Kf8 99. Kc7 Ra8 100. Bd5 Ra5 101. Kd6 Rb5 102. Kc6 Rb8 103. Kd6 Rd8+
104. Ke6 Rc8 105. Kd7 Rc5 106. Be6 Rc1 107. Kd6 Rc3 108. Ke5 Ke7 109. Kd4 Rc7
110. Bd5 Rc8 111. Ke5 Rc7 112. Kf5 Rc5 113. Ke4 Rc7 1/2-1/2

[Event "GBR-ch 107th"]
[Site "Hull"]
[Date "2021.10.07"]
[Round "6.2"]
[White "Olson, Hamish"]
[Black "Gormally, Daniel W"]
[Result "1/2-1/2"]
[WhiteElo "2273"]
[BlackElo "2480"]
[PlyCount "104"]
[EventDate "2021.10.02"]
[EventType "swiss"]
[EventRounds "9"]
[EventCountry "GBR"]
[SourceTitle "BritBase"]
[Source "John Saunders"]
[SourceDate "2021.06.05"]
[SourceVersion "1"]
[SourceVersionDate "2021.06.05"]
[SourceQuality "1"]

1. d4 Nf6 2. Nf3 g6 3. g3 Bg7 4. Bg2 O-O 5. O-O d5 6. c4 dxc4 7. Na3 c3 8. bxc3
c5 9. Re1 Nc6 10. Bb2 Qb6 11. Nc4 Qa6 12. Ncd2 Bg4 13. h3 Bxf3 14. Nxf3 cxd4
15. cxd4 Rac8 16. e3 Nb4 17. Re2 Nfd5 18. Ne1 Rfd8 19. a3 Nc6 20. Nd3 e5 21. e4
Nb6 22. d5 Na4 23. Bf1 Nd4 24. Bxd4 exd4 25. Re1 Qa5 26. Bg2 Nc3 27. Qb3 Qa6
28. Bf1 b5 29. Nb4 Qd6 30. Bd3 Qd7 31. Kh2 Re8 32. Rac1 h5 33. h4 a5 34. Nc6
Qd6 35. Kg2 Rxc6 36. dxc6 Rb8 37. Rxc3 dxc3 38. Bxb5 Qxc6 39. a4 c2 40. Rc1
Qxe4+ 41. Qf3 Qxf3+ 42. Kxf3 Rc8 43. Bd3 Rd8 44. Ke2 Re8+ 45. Kf3 Rd8 46. Ke2
Bd4 47. Rxc2 Bxf2 48. Kxf2 Rxd3 49. Rc5 Ra3 50. Rxa5 Kg7 51. Ra6 f6 52. Ra7+
Kh6 1/2-1/2

[Event "GBR-ch 107th"]
[Site "Hull"]
[Date "2021.10.07"]
[Round "6.3"]
[White "Hebden, Mark L"]
[Black "Eggleston, David J"]
[Result "1-0"]
[WhiteElo "2455"]
[BlackElo "2356"]
[PlyCount "93"]
[EventDate "2021.10.02"]
[EventType "swiss"]
[EventRounds "9"]
[EventCountry "GBR"]
[SourceTitle "BritBase"]
[Source "John Saunders"]
[SourceDate "2021.06.05"]
[SourceVersion "1"]
[SourceVersionDate "2021.06.05"]
[SourceQuality "1"]

1. d4 e6 2. Nf3 Nf6 3. Bg5 c5 4. e3 Qb6 5. Nbd2 Qxb2 6. Bd3 d5 7. Bxf6 gxf6 8.
c4 dxc4 9. Bxc4 cxd4 10. Rb1 Qa3 11. exd4 Bg7 12. O-O O-O 13. Nh4 f5 14. d5 Qe7
15. Qh5 Qf6 16. dxe6 fxe6 17. Ndf3 Nc6 18. Rfe1 Nd8 19. Ne5 Nf7 20. Nxf5 Qxf5
21. Qxf5 exf5 22. Nxf7 Bf6 23. Nd6+ Kh8 24. Be6 Bc3 25. Re3 Bxe6 26. Rxe6 b6
27. Rb3 Bg7 28. h4 f4 29. Rb5 f3 30. h5 fxg2 31. h6 Bd4 32. Ne4 Rg8 33. Rd5
Rac8 34. Ng5 Rc7 35. Kxg2 Rc5 36. Rxc5 Bxc5 37. f4 Rf8 38. Kf3 Kg8 39. Rc6 a5
40. Kg4 Be3 41. f5 Rd8 42. Rc7 Rd4+ 43. Kh5 Bxg5 44. Kxg5 Rd1 45. Kf6 Rd6+ 46.
Ke7 Rxh6 47. f6 1-0

[Event "GBR-ch 107th"]
[Site "Hull"]
[Date "2021.10.07"]
[Round "6.4"]
[White "Pert, Nicholas"]
[Black "Arkell, Keith C"]
[Result "1-0"]
[WhiteElo "2548"]
[BlackElo "2380"]
[PlyCount "57"]
[EventDate "2021.10.02"]
[EventType "swiss"]
[EventRounds "9"]
[EventCountry "GBR"]
[SourceTitle "BritBase"]
[Source "John Saunders"]
[SourceDate "2021.06.05"]
[SourceVersion "1"]
[SourceVersionDate "2021.06.05"]
[SourceQuality "1"]

1. d4 Nf6 2. Nf3 e6 3. c4 Bb4+ 4. Bd2 Bxd2+ 5. Qxd2 d6 6. Nc3 Qe7 7. g3 O-O 8.
Bg2 c6 9. O-O e5 10. c5 dxc5 11. dxe5 Nfd7 12. Qf4 Na6 13. Ne4 Nc7 14. Nd6 Nd5
15. Nf5 Qd8 16. Qg4 g6 17. e4 h5 18. Qh3 Nc7 19. Rad1 Ne6 20. Rd6 Qe8 21. Qh4
Nb6 22. b3 Kh7 23. Rfd1 Rh8 24. Ng5+ Nxg5 25. Qxg5 Bxf5 26. exf5 Nd5 27. fxg6+
fxg6 28. Be4 Ne7 29. Rd7 1-0

[Event "GBR-ch 107th"]
[Site "Hull"]
[Date "2021.10.07"]
[Round "6.5"]
[White "Sucikova, Svetlana"]
[Black "McPhillips, Joseph"]
[Result "0-1"]
[WhiteElo "2175"]
[BlackElo "2425"]
[PlyCount "88"]
[EventDate "2021.10.02"]
[EventType "swiss"]
[EventRounds "9"]
[EventCountry "GBR"]
[SourceTitle "BritBase"]
[Source "John Saunders"]
[SourceDate "2021.06.05"]
[SourceVersion "1"]
[SourceVersionDate "2021.06.05"]
[SourceQuality "1"]

1. d4 e6 2. Nf3 Nf6 3. g3 c5 4. Bg2 Nc6 5. O-O cxd4 6. Nxd4 Qb6 7. Nb3 Be7 8.
e4 O-O 9. Qe2 d5 10. N1d2 Qc7 11. c3 Re8 12. Re1 a5 13. e5 Nd7 14. Nf3 b6 15.
Nbd4 Ba6 16. Qe3 b5 17. Qf4 b4 18. Nxc6 Qxc6 19. Bd2 Nc5 20. Qg4 Nd3 21. Reb1
bxc3 22. Bxc3 Qb6 23. Nd4 Nxe5 24. Qh5 Bf6 25. Nb3 Nd3 26. Bxf6 Qxf2+ 27. Kh1
Qxf6 28. Nxa5 Nf2+ 29. Kg1 Bd3 30. Rf1 Bxf1 31. Rxf1 Rxa5 32. Rxf2 Qg6 33. Qxg6
hxg6 34. b4 Ra3 35. Rb2 Rea8 36. b5 Rxa2 37. Rb4 Rc2 38. b6 Rb8 39. Bf1 Rc6 40.
b7 Rc7 41. Ba6 Rc6 42. Ra4 Kf8 43. Ra1 Ke7 44. Bb5 Rb6 0-1

[Event "GBR-ch 107th"]
[Site "Hull"]
[Date "2021.10.07"]
[Round "6.6"]
[White "Finn, Peter"]
[Black "Bradbury, Neil H"]
[Result "1-0"]
[WhiteElo "1959"]
[BlackElo "2265"]
[PlyCount "49"]
[EventDate "2021.10.02"]
[EventType "swiss"]
[EventRounds "9"]
[EventCountry "GBR"]
[SourceTitle "BritBase"]
[Source "John Saunders"]
[SourceDate "2021.06.05"]
[SourceVersion "1"]
[SourceVersionDate "2021.06.05"]
[SourceQuality "1"]

1. e4 e5 2. Nf3 Nc6 3. Bc4 Bc5 4. c3 d6 5. d3 Nf6 6. Nbd2 Qe7 7. O-O h6 8. Bb5
Bd7 9. Nc4 Nb8 10. Bxd7+ Nbxd7 11. b4 Bb6 12. a4 c6 13. Nxb6 axb6 14. Nh4 g6
15. f4 Nh7 16. g3 exf4 17. Bxf4 Ng5 18. Qb3 Ne5 19. d4 Ng4 20. Rae1 Ne6 21. h3
Nf6 22. e5 Nxf4 23. exf6 Ne2+ 24. Kf2 Qxf6+ 25. Kxe2 1-0

[Event "GBR-ch 107th"]
[Site "Hull"]
[Date "2021.10.07"]
[Round "6.7"]
[White "Starley, Robert"]
[Black "Head, Louise"]
[Result "1-0"]
[WhiteElo "2057"]
[BlackElo "2090"]
[PlyCount "99"]
[EventDate "2021.10.02"]
[EventType "swiss"]
[EventRounds "9"]
[EventCountry "GBR"]
[SourceTitle "BritBase"]
[Source "John Saunders"]
[SourceDate "2021.06.05"]
[SourceVersion "1"]
[SourceVersionDate "2021.06.05"]
[SourceQuality "1"]

1. e4 c6 2. d4 d5 3. Nc3 dxe4 4. Nxe4 Nd7 5. Nf3 Ngf6 6. Ng3 e6 7. Bd3 Be7 8.
O-O O-O 9. Qe2 c5 10. c3 Re8 11. Rd1 Qc7 12. Ng5 cxd4 13. Nh5 Nf8 14. Bf4 Qa5
15. b4 Qb6 16. Be5 Ng6 17. Bxd4 Qc7 18. Nxf6+ gxf6 19. Ne4 e5 20. Bc5 f5 21.
Bb5 Rf8 22. Bxe7 Qxe7 23. Nc5 a6 24. Bc4 Qg5 25. g3 f4 26. Ne4 Qf5 27. Rd6 Kg7
28. Nf6 f3 29. Qe3 Be6 30. Nd5 Rfd8 31. Rxe6 Rxd5 32. Rxg6+ hxg6 33. Bxd5 Rh8
34. Qxf3 Qd7 35. Bxb7 Rd8 36. Bxa6 Qe6 37. Bb7 f5 38. Qe3 e4 39. Qc5 f4 40.
Qc7+ Rd7 41. Bc8 Rxc7 42. Bxe6 Kf6 43. Bd5 Ke5 44. c4 e3 45. gxf4+ Kxf4 46.
fxe3+ Kxe3 47. b5 Kd4 48. b6 Re7 49. b7 Re8 50. a4 1-0

[Event "GBR-ch 107th"]
[Site "Hull"]
[Date "2021.10.07"]
[Round "6.8"]
[White "Stubbs, Oliver"]
[Black "Gordon, Frederick"]
[Result "1-0"]
[WhiteElo "1925"]
[BlackElo "1523"]
[PlyCount "96"]
[EventDate "2021.10.02"]
[EventType "swiss"]
[EventRounds "9"]
[EventCountry "GBR"]
[SourceTitle "BritBase"]
[Source "John Saunders"]
[SourceDate "2021.06.05"]
[SourceVersion "1"]
[SourceVersionDate "2021.06.05"]
[SourceQuality "1"]

1. d4 d5 2. Bf4 Nf6 3. e3 e6 4. Nf3 Bd6 5. Bg3 O-O 6. Nbd2 b6 7. Bd3 Ba6 8.
Bxa6 Nxa6 9. c3 c5 10. Qe2 Nb8 11. Bh4 Nbd7 12. O-O Qc7 13. dxc5 Bxc5 14. e4
dxe4 15. Nxe4 Nd5 16. Rad1 Be7 17. Bxe7 Nxe7 18. Rd2 Rfd8 19. Rfd1 a6 20. Neg5
Nf8 21. Rxd8 Rxd8 22. Rxd8 Qxd8 23. Qxa6 Qd1+ 24. Qf1 Qc2 25. Qa1 Nf5 26. Ne1
Qe2 27. Qc1 e5 28. Ngf3 f6 29. Qd2 Qc4 30. b3 Qc6 31. Nc2 Ne6 32. Ne3 Nxe3 33.
Qxe3 b5 34. h4 Nf4 35. g3 Nd5 36. Qe4 Qc5 37. c4 Nc3 38. Qa8+ Kf7 39. Qb7+ Kf8
40. Qa8+ Kf7 41. cxb5 Nd1 42. Ng5+ fxg5 43. Qf3+ Kg6 44. h5+ Kh6 45. Qc6+ Qxc6
46. bxc6 Nc3 47. c7 Nxa2 48. c8=Q Kxh5 1-0